Flash Card Math Blitz Quiz Stats

Quiz Updated Aug 10, 2012

Challenge
Share
Tweet
Embed
Score 0/20 Timer 01:00
1 Play Today
Directions Math Problems % Correct
????
100%
????
95.1%
????
94.2%
????
93.5%
????
91.3%
????
89.6%
????
87.1%
????
79.3%
????
69%
????
58.8%
Directions Math Problems % Correct
????
50.2%
????
47.1%
????
34.4%
????
30.8%
????
26.7%
????
20%
????
12.3%
????
7.4%
????
6.1%
????
2.1%

You're not logged in!

Compare scores with friends on all Sporcle quizzes.
Sign Up with Email
OR
Log In

You Might Also Like...

Show Comments

Extras

Top Quizzes Today


Score Distribution

Your Account Isn't Verified!

In order to create a playlist on Sporcle, you need to verify the email address you used during registration. Go to your Sporcle Settings to finish the process.